00361nam a2200097Ia 4500001000400000008004100004082002300045100008400068245008700152260002400239812241024s9999 xx 000 0 und d aRD/372.97293/R426c aRepública Dominicana.Secretaria de Estado de Educación.Plan Decenal Inicial 0a¿Cómo elaborar material didáctico con Recursos del Medio en el Nivel Inicial? bSanto Domingoc1999